Jusqu'où irez vous ? #26 (Culture Générale) - Statistiques

Statistiques générales
  • Ce quiz a été pris 213 fois
  • Le résultat moyen est 4 sur 15
Statistiques - réponses
Hint Réponse % Correct
Quelle proposition n'est pas un chiffre ?
A- 1 B- 3 C- 5 D- 7 E- 9 F- 11
F
100%
Quelle proposition n'a jamais été un membre des Beatles ?
A- Freddie Mercury B- George Harrison C- John Lennon D- Paul McCartney E- Pete Best F- Ringo Starr
G- Stuart Sutcliffe
A
96%
Quelle proposition n'est pas un pays qui a signé le Traité de Rome le 25 mars 1957 ? A- Allemagne de l'Ouest B- Belgique C- Espagne D- France E- Italie F- Luxembourg G- Pays-Bas C
72%
Quelle proposition n'est pas exact en parlant de Brigitte Macron ?
A- a été élu-e président-e de la Fondation des Hôpitaux B- a été insulté sur son physique par le président brésilien Jair Bolsonaro C- a été Professeur-e de lettres D- a fait une apparition dans Midnight in Paris de Woody Allen E- est issu-e d'une famille de chocolatiers amiénois F- est ou a été propriétaire d'une maison au Touquet-Paris-Plage
D
56%
Quelle proposition n'est pas un modèle de voiture d'Opel (ni ancien ni actuel) ?
A- Agila B- Ampera C- Ascona D- Astra E- Austral
E
41%
Quelle proposition n'a pas été un membre des 2Be3 ?
A- Adel Kachermi B- Filip Nikolic C- Frank Delay D- Quentin Elias
D
30%
Quelle proposition n'est pas un fromage du Pas-de-Calais ?
A- Cœur d'Arras B- Délice de Saint-Cyr C- Écume de Wimereux D- Fort de Béthune E- Sablé de Wissant F- Vieux Boulogne
B
20%
Quelle proposition n'est absolument pas considérée aujourd'hui comme une Légende urbaine (récit bref, présenté généralement comme une anecdote véridique mais qui est sans fondement) ?
A- Les Anges de Mons B- Bloody Mary C- La Chambre d'hôtel disparue D- Le Cimetière des éléphants E- Le Fantôme de Kiev F- L'Homme-singe de New Delhi G- Madame Koi Koi H- Le Mahogany I- Les Ovnis du Troisième Reich J- Le Projet MK-Ultra K- Le Puits vers l'Enfer
L- Le Triangle des Bermudes
J
6%
Quelle proposition n'est pas une arme présente dans le film Battle Royale (2000) ?
A- arbalète B- faucille C- hache D- lance-missiles E- pistolet-mitrailleur F- poison
D
3%
Quelle proposition n'est pas un pays de tournage d'une édition de Koh Lanta en France ?
A- Cambodge
B- Costa Rica C- Cuba D- Fidji E- France F- Indonésie G- Malaisie H- Palaos I- Philippines J- Thaïlande K- Vanuatu
L- Viêt Nam
C
1%
Quelle proposition n'est pas un nageur français qui a remporté l'Or Olympique à Londres dans le relais 4x100 mètres nage libre de Londres en 2012 ? (les nageurs en série/demi ont aussi obtenu la médaille) ?
A- Alain Bernard B- Amaury Leveaux C- Benjamin Stasiulis D- Clément Lefert E- Fabien Gilot F- Jérémy Stravius
G- Yannick Agnel
C
1%
Quelle proposition n'est pas un (des) hymne national d'un pays d'Océanie ?
A- Advance Australia Fair B- God Bless Fiji C- God Defend New Zealand D- In Plenty and In Time of Need E- Koe Fasi Oe Tui Oe Otu Tonga F- The Banner of Freedom
D
1%
Quelle proposition n'est pas une série TV avec la plantureuse Jennifer Love Hewitt (même dans un petit rôle) ?
A- 9-1-1 B- Esprits criminels C- Ghost Whisperer D- New York, unité spéciale E- Orange Is the New Black F- The Client List
E
1%
Quelle proposition n'est pas un nom de spectacle de Jean-Marie Bigard ?
A- Bigard met le Paquet B- Des Animaux et des Hommes C- J'arrête les conneries D- Nous les femmes E- Parole de complotiste F- Va te faire enculer salope !
F
1%
Quelle proposition n'a jamais été un président du Conseil constitutionnel français ? A- Daniel Mayer B- Gaston Palewski C- Jean-Louis Debré
D- Laurent Fabius
E- Léon Noël
F- Louis Joxe G- Pierre Mazeaud H- Richard Ferrand I- Robert Badinter J- Roger Frey K- Roland Dumas L- Yves Guéna
F
0%
Aucun quiz correspondant
Distribution des résultats
% des personnes avec chaque résultat
Percentile par nombre de réponses
Votre historique - résultats
Vous n’avez pas pris ce quiz